Seasonal changes of water- and acid-soluble compounds of dust aerosol according to passive sampling; Проблемы геологии и освоения недр; Т. 2

Bibliografske podrobnosti
Parent link:Проблемы геологии и освоения недр=Problems of Geology and Subsurface Development: труды XXIV Международного симпозиума имени академика М. А. Усова студентов и молодых учёных, посвященного 75-летию Победы в Великой Отечественной войне, Томск, 6-10 апреля 2020 г./ Национальный исследовательский Томский политехнический университет, Инженерная школа природных ресурсов ; гл. ред. А. С. Боев ; под ред. Е. Ю. Пасечник.— , 2020
Т. 2.— 2020.— [С. 653-654]
Glavni avtor: Buchelnikov V. S.
Corporate Authors: Национальный исследовательский Томский политехнический университет Инженерная школа природных ресурсов Отделение нефтегазового дела, Национальный исследовательский Томский политехнический университет Инженерная школа природных ресурсов Отделение геологии
Drugi avtorji: Zyatikov P. N. Pavel Nikolaevich (научный руководитель), Talovskaya A. V. Anna Valerievna
Izvleček:Заглавие с экрана
Jezik:angleščina
Izdano: 2020
Serija:Геология, горное и нефтегазовое дело (доклады на английском и немецком языках)
Teme:
Online dostop:http://earchive.tpu.ru/handle/11683/62877
Format: Elektronski Book Chapter
KOHA link:https://koha.lib.tpu.ru/cgi-bin/koha/opac-detail.pl?biblionumber=631735

MARC

LEADER 00000naa2a2200000 4500
001 631735
005 20231101133657.0
035 |a (RuTPU)RU\TPU\conf\33436 
035 |a RU\TPU\conf\33433 
090 |a 631735 
100 |a 20200916d2020 k y0rusy50 ba 
101 0 |a eng 
102 |a RU 
105 |a y z 100zy 
135 |a drcn ---uucaa 
181 0 |a i  
182 0 |a b 
200 1 |a Seasonal changes of water- and acid-soluble compounds of dust aerosol according to passive sampling  |f V. S. Buchelnikov  |g sci. adv. P. N. Zyatikov, A. V. Talovskaya 
203 |a Текст  |c электронный 
225 1 |a Геология, горное и нефтегазовое дело (доклады на английском и немецком языках) 
230 |a 1 компьютерный файл (pdf; 1 351 Kb) 
300 |a Заглавие с экрана 
320 |a [Библиогр.: с. 654 (3 назв.)] 
461 1 |0 (RuTPU)RU\TPU\conf\32983  |t Проблемы геологии и освоения недр  |l Problems of Geology and Subsurface Development  |o труды XXIV Международного симпозиума имени академика М. А. Усова студентов и молодых учёных, посвященного 75-летию Победы в Великой Отечественной войне, Томск, 6-10 апреля 2020 г.  |o в 2 т.  |f Национальный исследовательский Томский политехнический университет, Инженерная школа природных ресурсов ; гл. ред. А. С. Боев ; под ред. Е. Ю. Пасечник  |d 2020 
463 1 |0 (RuTPU)RU\TPU\conf\32985  |t Т. 2  |v [С. 653-654]  |d 2020 
610 1 |a труды учёных ТПУ 
610 1 |a электронный ресурс 
610 1 |a сезонные изменения 
610 1 |a водорастворимые соединения 
610 1 |a пылевые аэрозоли 
610 1 |a отбор проб 
610 1 |a загрязняющие вещества 
610 1 |a неорганические загрязнения 
610 1 |a органические загрязнители 
610 1 |a окружающая среда 
700 1 |a Buchelnikov  |b V. S. 
702 1 |a Zyatikov  |b P. N.  |c geologist  |c Professor of Tomsk Polytechnic University, Doctor of technical science  |f 1947-  |g Pavel Nikolaevich  |2 stltpush  |4 727 
702 1 |a Talovskaya  |b A. V.  |c geochemist  |c Associate Professor of Tomsk Polytechnic University, Candidate of geological and mineralogical sciences  |f 1983-  |g Anna Valerievna  |2 stltpush  |4 727 
712 0 2 |a Национальный исследовательский Томский политехнический университет  |b Инженерная школа природных ресурсов  |b Отделение нефтегазового дела  |h 8084  |2 stltpush  |3 (RuTPU)RU\TPU\col\23546 
712 0 2 |a Национальный исследовательский Томский политехнический университет  |b Инженерная школа природных ресурсов  |b Отделение геологии  |h 8083  |2 stltpush  |3 (RuTPU)RU\TPU\col\23542 
801 2 |a RU  |b 63413507  |c 20200925  |g RCR 
856 4 |u http://earchive.tpu.ru/handle/11683/62877 
942 |c BK